PPD's nursing drug guide : (Record no. 23980)
[ view plain ]
| 000 -LEADER | |
|---|---|
| fixed length control field | 00514nam a2200169 a 4500 |
| 005 - DATE AND TIME OF LATEST TRANSACTION | |
| control field | 20140310183503.0 |
| 008 - FIXED-LENGTH DATA ELEMENTS--GENERAL INFORMATION | |
| fixed length control field | 100922s19uu xx 00 eng d |
| 020 ## - INTERNATIONAL STANDARD BOOK NUMBER | |
| International Standard Book Number | 9771908679001 |
| 050 ## - LIBRARY OF CONGRESS CALL NUMBER | |
| Classification number | RM 301.12 |
| Item number | .N974 2007 |
| 245 ## - TITLE STATEMENT | |
| Title | PPD's nursing drug guide : |
| Remainder of title | for nursing students and professional nurses / |
| 260 ## - PUBLICATION, DISTRIBUTION, ETC. (IMPRINT) | |
| Place of publication, distribution, etc | Philippines : |
| Name of publisher, distributor, etc | Malan Press, |
| Date of publication, distribution, etc | 2007. |
| 300 ## - PHYSICAL DESCRIPTION | |
| Extent | 718 p. : |
| Other physical details | ill. col. ; |
| Dimensions | 20 cm. |
| 521 ## - TARGET AUDIENCE NOTE | |
| Target audience note | |
| 650 ## - SUBJECT ADDED ENTRY--TOPICAL TERM | |
| Topical term or geographic name as entry element | Drugs |
| General subdivision | Handbooks, manuals, etc. |
| 942 ## - ADDED ENTRY ELEMENTS (KOHA) | |
| Koha item type | Books |
| Source of classification or shelving scheme | Library of Congress Classification |
| Call number prefix | Local |
| Withdrawn status | Lost status | Source of classification or shelving scheme | Damaged status | Home library | Current library | Shelving location | Date acquired | Source of acquisition | Cost, normal purchase price | Total Checkouts | Total Renewals | Full call number | Barcode | Date last seen | Date checked out | Copy number | Price effective from | Koha item type | Sub Shelving location |
|---|---|---|---|---|---|---|---|---|---|---|---|---|---|---|---|---|---|---|---|
| Library of Congress Classification | College Library | College Library | General Circulation Section | 09/22/2010 | 695.00 | 1 | 5 | RM 301.12 .N974 2007 | C11298 | 10/03/2019 | 07/23/2019 | 1 | 10/18/2013 | Books | |||||
| Library of Congress Classification | College Library | College Library | General Circulation Section | 01/05/2016 | Donation | 5 | 14 | RM 301.12 .N974 2007 | C20335 | 11/27/2019 | 10/30/2019 | 01/05/2016 | Books |